The study of poetry, (Record no. 20531)

MARC details
000 -LEADER
fixed length control field 00662cam a22002171 4500
001 - CONTROL NUMBER
control field e 22000364
003 - CONTROL NUMBER IDENTIFIER
control field DLC
005 - DATE AND TIME OF LATEST TRANSACTION
control field 20260227111213.0
008 - FIXED-LENGTH DATA ELEMENTS--GENERAL INFORMATION
fixed length control field 761206s1918 xx 000 0 eng
010 ## - LIBRARY OF CONGRESS CONTROL NUMBER
LC control number e 22000364
035 ## - SYSTEM CONTROL NUMBER
System control number (OCoLC)2600464
040 ## - CATALOGING SOURCE
Original cataloging agency DLC
Transcribing agency GStG
Modifying agency OCoLC
-- DLC
042 ## - AUTHENTICATION CODE
Authentication code premarc
050 00 - LIBRARY OF CONGRESS CALL NUMBER
Classification number PN1031
Item number .D4
100 1# - MAIN ENTRY--PERSONAL NAME
Personal name De Selincourt, Ernest,
Dates associated with a name 1870-1943.
245 14 - TITLE STATEMENT
Title The study of poetry,
Statement of responsibility, etc. by E. de Sélincourt, D. LITT.
260 ## - PUBLICATION, DISTRIBUTION, ETC.
Place of publication, distribution, etc. [Oxford,
Name of publisher, distributor, etc. Printed by F. Hall, at the University press]
Date of publication, distribution, etc. 1918.
300 ## - PHYSICAL DESCRIPTION
Extent 20 p.
Dimensions 25 cm.
490 0# - SERIES STATEMENT
Series statement The English association. Pamphlet,
Volume/sequential designation no. 40
650 #0 - SUBJECT ADDED ENTRY--TOPICAL TERM
Topical term or geographic name entry element Poetry
General subdivision History and criticism.

No items available.

Powered by Koha